Décoder l'alphabet morse - Statistiques

Statistiques générales
  • Ce quiz a été pris 531 fois
  • Le résultat moyen est 19 sur 26
Statistiques - réponses
Morse Signification % Correct
.- A
89%
. E
89%
-- M
86%
... S
85%
--- O
84%
.. I
83%
.... H
79%
..-. F
78%
- T
75%
-.-. C
74%
.--- J
72%
-.- K
72%
-. N
72%
.--. P
70%
--.. Z
69%
.-.. L
67%
.-. R
67%
-... B
66%
-.. D
66%
..- U
66%
--. G
64%
.-- W
62%
-.-- Y
62%
--.- Q
61%
-..- X
61%
...- V
59%
Aucun quiz correspondant
Distribution des résultats
% des personnes avec chaque résultat
Percentile par nombre de réponses
Votre historique - résultats
Vous n’avez pas pris ce quiz